000
00299nam a2200097Ia 4500
008
220204s9999 xx 000 0 und d
082
_a
336.2(047)
_b
REP
245
0
_a
Report of the working group on central direct taxes administration
260
_a
New Delhi
_b
Manager of Publications
_c
1969
942
_c
BK
999
_c
23847
_d
23847